000 00564nam a2200193Ia 4500
005 20250508164312.0
008 008 250505s9999 xx 000 0 hin d
020 _a9-0277-2802-X
037 _aTextual
040 _aFEDL
_beng
_cFEDL
041 _ahin
_2eng
084 _a891.433, RAO
_qFEDL
100 _aRao Laxman
245 0 _aRamdas: Satya ghatna per aadharit samajik hindi upanyas
260 _aNew Delhi, India
_bBhartiya Sahitya Kala Prakashan
_c1976
300 _a152p.
942 _cTEXL
_h891.433, RAO
999 _c1388217
_d1388217